Szczegóły MARC21

Urzeczywistnianie prawa w zatrudnianiu młodocianych w okresie transformacji /

005 -DATA I CZAS OSTATNIEJ MODYFIKACJI [,]
    • @
    • pole kontrolne
    • 20070315155141.9
020 -Międzynarod. znormalizowany nr książki - ISBN [ , ]
    • a
    • Numer ISBN
    • 8387635863 Find
040 -Instytucja sporządzająca opis [ , ]
    • a
    • Instytucja, która sporządziła opis (NP)
    • SZCZ U
    • c
    • Instytucja, która sporządziła rekord (NP)
    • SZCZ U
041 -Język dokumentu [0, ]
    • a
    • Język tekstu (P)
    • polski
    • h
    • Język tekstu oryginalnego i/lub pośredniego (P)
    • polski
942 -Rodzaj dokumentu [ , ]
    • c
    • Rodzaj dokumentu
    • Książka
100 -Hasło główne - nazwa osobowa [ , ]
    • a
    • Nazwa osobowa (NP)
    • STADNICZEŃKO, STANISŁAW LESZEK
245 -Strefa tytułu i oznaczenia odpowiedzialności [1, ]
    • a
    • Tytuł
    • Urzeczywistnianie prawa w zatrudnianiu młodocianych w okresie transformacji / Find
    • c
    • Pozostałe elementy strefy tytułu i oznaczenia odpowiedzialności (NP)
    • Stanisław Leszek Stadniczeńko.
260 -Strefa adresu wydawniczego [ , ]
    • a
    • Miejsce wydania (P)
    • Opole :
    • b
    • Nazwa wydawcy (P)
    • Wydaw.UO,
    • c
    • Data wydania (P)
    • 2000.
300 -Strefa opisu fizycznego [ , ]
    • a
    • Określenie formy książki i/lub objętość (NP)
    • 464 :
    • c
    • Format (NP)
    • 24 cm.
490 -Strefa serii i książki wielotomowej - forma nie do wyszukiwania [0, ]
    • z
    • Numer rekordu powiązanego
    • 119252
    • a
    • Tytuł (P)
    • (STUDIA i Monografie / Wyższa Szkoła Pedagogiczna w Opolu ; Find
    • y
    • Zob. egzemplarze
    • 215
    • x
    • ISSN (NP)
    • 0239-6718)
    • v
    • Numeracja (P)
    • Nr 284,
490 -Strefa serii i książki wielotomowej - forma nie do wyszukiwania [0, ]
    • z
    • Numer rekordu powiązanego
    • 119252
    • a
    • Tytuł (P)
    • (STUDIA i Monografie / Uniwersytet Opolski ; Find
    • y
    • Zob. egzemplarze
    • 215
    • x
    • ISSN (NP)
    • 1233-6408)
    • v
    • Numeracja (P)
    • Nr 284,
500 -Uwaga ogólna [ , ]
    • a
    • Uwaga ogólna (NP)
    • Bibliogr.,summ.,Zsfg
080 -Uniwersalna Klasyfikacja Dziesiętna [ , ]
    • a
    • Symbol klasyfikacji
    • 316.334.22
    • 9
    • UKD
    • 2774
    • 2
    • Identyfikator wydania tablic
    • UDC-P058
    • b
    • Dopowiedzenie
    • Socjologia pracy. Socjologia zawodu.
080 -Uniwersalna Klasyfikacja Dziesiętna [ , ]
    • a
    • Symbol klasyfikacji
    • :316.334.4-053.6(438)"1989/..."
080 -Uniwersalna Klasyfikacja Dziesiętna [ , ]
    • a
    • Symbol klasyfikacji
    • :349.2(438)
980 -Symbol UKD [ , ]
    • a
    • UKD
    • 316.334.22:316.334.4]-053.6(438)"1989/...":349.2(438)
920 -ISBN [ , ]
    • a
    • ISBN
    • 83-87635-86-3 Find
Numer tomu Status udost. Powiązanie z serią Numer inwentarzowy Sygnatura Data inwentaryzacji Lokalizacja
Nr 284-3215S.89387S.786912002-03-19BE